<?xml version="1.0" encoding="UTF-8"?>
<marc:record xmlns:marc="http://www.loc.gov/MARC21/slim">
   <marc:leader>00000nam a2200000 a 4500</marc:leader>
   <marc:datafield ind1="1" ind2=" " tag="100">
      <marc:subfield code="a">Srama, Andrea</marc:subfield>
      <marc:subfield code="4">aut</marc:subfield>
      <marc:subfield code="e">Verfasser/-in</marc:subfield>
   </marc:datafield>
   <marc:datafield ind1="1" ind2=" " tag="100">
      <marc:subfield code="a">Morawa, Kurt</marc:subfield>
      <marc:subfield code="4">aut</marc:subfield>
      <marc:subfield code="e">Verfasser/-in</marc:subfield>
   </marc:datafield>
   <marc:datafield ind1=" " ind2=" " tag="653">
      <marc:subfield code="a">Verkaufstechnik</marc:subfield>
   </marc:datafield>
   <marc:datafield ind1=" " ind2=" " tag="653">
      <marc:subfield code="a">Lernen/Berufsschulbücher</marc:subfield>
   </marc:datafield>
   <marc:datafield ind1=" " ind2=" " tag="653">
      <marc:subfield code="a">Fachschulbücher</marc:subfield>
   </marc:datafield>
   <marc:datafield ind1=" " ind2=" " tag="653">
      <marc:subfield code="a">Aufgabensammlung</marc:subfield>
   </marc:datafield>
   <marc:datafield ind1="0" ind2="0" tag="245">
      <marc:subfield code="a">Grundwissen Beratung und Verkauf</marc:subfield>
   </marc:datafield>
   <marc:datafield ind1="0" ind2="0" tag="245">
      <marc:subfield code="b">Kundengespräch/Verkaufsförderung/Rechtsgrundlagen ; [mit Aufgaben und Lösungen, prüfungsgeeignet!</marc:subfield>
   </marc:datafield>
   <marc:datafield ind1="0" ind2="0" tag="245">
      <marc:subfield code="c">Andrea Srama ; Kurt Morawa. Hrsg. in Zusammenarbeit mit dem Forum Berufsbildung</marc:subfield>
   </marc:datafield>
   <marc:datafield ind1=" " ind2="1" tag="264">
      <marc:subfield code="a">Berlin</marc:subfield>
      <marc:subfield code="b">Cornelsen</marc:subfield>
      <marc:subfield code="c">2008</marc:subfield>
   </marc:datafield>
   <marc:datafield ind1=" " ind2=" " tag="250">
      <marc:subfield code="a">1. Aufl.</marc:subfield>
   </marc:datafield>
   <marc:datafield ind1="1" ind2=" " tag="520">
      <marc:subfield code="a">Angaben aus der Verlagsmeldung

Grundwissen - Beratung und Verkauf / von Kurt Morawa, Andrea Srama

Das wirtschaftlich-kaufmännische Basiswissen in einer überschaubaren Anzahl von Bänden: Mit der
'Grundwissen-'
Reihe können Fortbildungsteilnehmer/innen, Um- und Berufsschüler/innen ihre Kenntnisse auffrischen und sich optimal auf Prüfungen (IHK, HWK, Akademien, freie Träger) vorbereiten. Damit sind ausdrücklich auch kleinere oder neue Berufe angesprochen - sowie alle, für die der Buchmarkt keine berufsspezifischen Prüfungskompendien bereithält.

Besondere Merkmale:
- Gezielte Stoffauswahl, die zahlreiche berufliche Bildungspläne berücksichtigt
- Verständliche Darstellungen mit vielen Beispielen und Visualisierungen
- Aufgaben/Fragen zur Selbstkontrolle nach jedem Hauptkapitel - mit Lösungshinweisen

Herausgegeben wird die Reihe in Zusammenarbeit mit dem Forum Berufsbildung, einem freien und gemeinnützigen beruflichen Bildungsträger.

Der erste Teil widmet sich dem Thema aus Marketing-Sicht: Grundlagen des Verkaufs, Kundenorientierung als Erfolgsfaktor, das erfolgreiche Kundengespräch, verkaufsfördernde Ladengestaltung. Der zweite Teil stellt die wichtigen Rechtsgrundlagen dar: vorvertraglicher Bereich des Kaufvertrags, Zustandekommen des Kaufvertrags, Rechte und Pflichten, Verzug, Mängel, Mahnung.
</marc:subfield>
   </marc:datafield>
   <marc:datafield ind1=" " ind2=" " tag="020">
      <marc:subfield code="a">9783589237357</marc:subfield>
      <marc:subfield code="9">9783589237357</marc:subfield>
   </marc:datafield>
   <marc:datafield ind1=" " ind2=" " tag="020">
      <marc:subfield code="a">358923735X</marc:subfield>
      <marc:subfield code="9">358923735X</marc:subfield>
   </marc:datafield>
   <marc:datafield ind1=" " ind2=" " tag="041">
      <marc:subfield code="a">ger</marc:subfield>
   </marc:datafield>
   <marc:datafield ind1=" " ind2=" " tag="300">
      <marc:subfield code="a">198 S.</marc:subfield>
   </marc:datafield>
</marc:record>
